000
00237nam a2200097Ia 4500
001
684970
005
20250826161508.0
008
250824s9999 xx 000 0 und d
245
0
_a
KÖPRÜ/A.KULİN/EVEREST
_c
AYŞE KULİN
260
_b
EVEREST
999
_c
684970
_d
684970